000 00969nam a2200241 a 4500
001 000026052
005 20240409073640.0
008 110228t1992 dr ac 001 0dspa d
040 _aDO-SdBNP
_bspa
_cBNPHU
082 _a972.93053
_bV422t
100 1 _aVega, Bernardo,
_d1938 -
_b1938-
_93222
245 1 0 _aTrujillo y las fuerzas armadas norteamericanas /
_cBernardo Vega.
260 _aSanto Domingo :
_bFundación Cultural Dominicana,
_c1992.
_fTaller
300 _a520 p. :
_bil., retrs. ;
_c27 cm.
500 _aIncluye índice onomástico.
504 _aBibliografía y notas : p.469-495.
600 1 0 _aTrujillo Molina, Rafael Leónidas,
_d 1891-1961
_976764
651 4 _aEstados Unidos
_xFuerzas Armadas
_xHistoria
_ySIGLO XX
_952994
651 4 _aEstados Unidos
_xRelaciones Exteriores
_zRepública Dominicana
_96309
651 4 _aRepública Dominicana
_xRelaciones Exteriores
_zEstados Unidos
_96308
910 _aValidado. Control de calidad EMS.
049 _aBNPD
999 _c25544
_d25544